महाराष्ट्र के युग प्रर्वतक सन्त ज्ञानेशवर/ (Record no. 208059)

MARC details
000 -LEADER
fixed length control field 00896nam a22001937a 4500
005 - DATE AND TIME OF LATEST TRANSACTION
control field 20250106174014.0
010 ## - LCCN (DPL NO)
LC control number HIN-129123
020 ## - INTERNATIONAL STANDARD BOOK NUMBER
International Standard Book Number 9788193445990
Terms of availability 425.00
035 ## - SYSTEM CONTROL NUMBER
System control number HN-101469
037 ## - SOURCE OF ACQUISITION
Source of stock number/acquisition DBAD
082 ## - DEWEY DECIMAL CLASSIFICATION NUMBER
Classification number
100 ## - MAIN ENTRY--PERSONAL NAME
Personal name इन्द्रा
245 ## - TITLE STATEMENT
Title महाराष्ट्र के युग प्रर्वतक सन्त ज्ञानेशवर/
Statement of responsibility, etc इन्द्रा
250 ## - EDITION STATEMENT
Edition statement प्रथम
260 ## - PUBLICATION, DISTRIBUTION, ETC. (IMPRINT)
Place of publication, distribution, etc दिल्ली
Name of publisher, distributor, etc एस.पी. कोशिक इंटरप्राइज़ेज
Date of publication, distribution, etc 2023
270 ## - ADDRESS
Address ए-49 भू -तल, गली नं .6 जगतपुरी एक्सटेंशन , दिल्ली
City दिल्ली
Postal code 110093
Telephone number 9873620352
Electronic mail address spkaushikenterprises@gmail.com
300 ## - PHYSICAL DESCRIPTION
Extent 144पृ.
Dimensions 22 सेमी (सजिल्द)
942 ## - ADDED ENTRY ELEMENTS (KOHA)
Source of classification or shelving scheme Dewey Decimal Classification
Item type Hindi Books
Classification part
Call number suffix इन्द्रा
Holdings
Withdrawn status Lost status Not for loan Collection code Home library Current library Date acquired Source of acquisition Cost, normal purchase price Full call number Barcode Copy number Cost, replacement price Koha item type
      Fiction Sarojini Nagar Sarojini Nagar 06/01/2025 DBAD 425.00 उ इन्द्रा HN-101469 1 425.00 Hindi Books

© Delhi Public Library
Hit Counter
free hit counter